Statistics for Google Maps Cities - Greece

Click here to take the quiz!

General Stats

  • This quiz has been taken 28 times
  • The average score is 6 of 9

Answer Stats

City% Correct
Thessaloniki
100%
Athens
96%
Heraklion
92%
Patras
88%
Chania
71%
Ioannina
67%
Corfu
58%
Kalamata
42%
Thera
21%

Score Distribution

Percentile by Number Answered

Percent of People with Each Score

Your Score History

You have not taken this quiz